000 00683nam a2200241Ia 4500
003 OSt
005 20221006152951.0
006 a|||||r|||| 00| 0
007 ta
008 221006b |||||||| |||| 00| 0 eng d
024 _a30,678
037 _cTextual
040 _aEASL
_cEASL
_beng
041 _2eng
_aeng
082 _aY31.41.N7, L2
100 _aPeking, Foreign Languages Press
_9662144
245 0 _aTachai
_b Standard learner in China's agriculture
260 _aPeking
_bForeign Languages Press
_c1972
300 _a29p.
_ccm.
490 _v CEL
942 _hY31.41.N7, L2
_cTEXL
_2CC
999 _c1098764
_d1098764